Challenges and Opportunities Related to Aging Policy to Ensure Economic Growth and Innovation in the Slovak Republic

Saved in:
Bibliographic Details
Main Author: Sika, Peter, 1975-
Format: Book Chapter
Language:English
Subjects:
Tags: Add Tag
No Tags, Be the first to tag this record!

MARC

LEADER 00000naa$a2200000$$$4500
001 0288005
005 20240507083626.9
041 0 |a eng 
044 |a HR 
245 1 0 |a Challenges and Opportunities Related to Aging Policy to Ensure Economic Growth and Innovation in the Slovak Republic  |c Peter Sika 
500 |a abstrakt 
610 2 0 |a starnutie populácie 
610 2 0 |a rast hospodársky 
610 2 0 |a inovácia 
610 2 0 |a Slovensko 
100 1 |a Sika, Peter, 1975-